<?xml version="1.0" encoding="UTF-8"?>
<collection xmlns="http://www.loc.gov/MARC21/slim">
 <record>
  <leader>01872nam a2200349 a 4500</leader>
  <controlfield tag="001">1/45216</controlfield>
  <controlfield tag="008">140820s2001    us            001 0 eng  </controlfield>
  <datafield tag="020" ind1=" " ind2=" ">
   <subfield code="a">9780080497877 (electronic bk.)</subfield>
  </datafield>
  <datafield tag="020" ind1=" " ind2=" ">
   <subfield code="a">008049787X (electronic bk.)</subfield>
  </datafield>
  <datafield tag="020" ind1=" " ind2=" ">
   <subfield code="a">1878707574</subfield>
  </datafield>
  <datafield tag="020" ind1=" " ind2=" ">
   <subfield code="a">9781878707574</subfield>
  </datafield>
  <datafield tag="035" ind1=" " ind2=" ">
   <subfield code="l">48175</subfield>
  </datafield>
  <datafield tag="040" ind1=" " ind2=" ">
   <subfield code="a">N$T</subfield>
   <subfield code="b">eng</subfield>
   <subfield code="c">N$T</subfield>
   <subfield code="d">OCLCQ</subfield>
   <subfield code="d">YDXCP</subfield>
   <subfield code="d">OCLCQ</subfield>
   <subfield code="d">IDEBK</subfield>
   <subfield code="d">ZCU</subfield>
   <subfield code="d">UWW</subfield>
   <subfield code="d">E7B</subfield>
   <subfield code="d">OCLCQ</subfield>
   <subfield code="d">MERUC</subfield>
   <subfield code="d">OCLCQ</subfield>
   <subfield code="d">OCLCO</subfield>
   <subfield code="d">OCLCQ</subfield>
   <subfield code="d">OPELS</subfield>
   <subfield code="d">OCLCF</subfield>
   <subfield code="d">GR-PeUP</subfield>
  </datafield>
  <datafield tag="100" ind1="1" ind2=" ">
   <subfield code="a">Van Sickle, Ted.</subfield>
  </datafield>
  <datafield tag="245" ind1="1" ind2="0">
   <subfield code="a">Programming microcontrollers in C</subfield>
   <subfield code="h">[electronic resource] /</subfield>
   <subfield code="c">Ted Van Sickle.</subfield>
  </datafield>
  <datafield tag="250" ind1=" " ind2=" ">
   <subfield code="a">2nd ed.</subfield>
  </datafield>
  <datafield tag="260" ind1=" " ind2=" ">
   <subfield code="a">Eagle Rock, Calif. :</subfield>
   <subfield code="b">LLH Technology Pub.,</subfield>
   <subfield code="c">c2001.</subfield>
  </datafield>
  <datafield tag="300" ind1=" " ind2=" ">
   <subfield code="a">1 online resource (xvi, 454 p.) :</subfield>
   <subfield code="b">ill.</subfield>
  </datafield>
  <datafield tag="490" ind1="1" ind2=" ">
   <subfield code="a">Embedded technology series</subfield>
  </datafield>
  <datafield tag="500" ind1=" " ind2=" ">
   <subfield code="a">Includes index.</subfield>
  </datafield>
  <datafield tag="505" ind1="0" ind2=" ">
   <subfield code="a">Introduction to C -- Advanced C topics -- What are microcontrollers? -- Small 8-bit systems -- Programming large 8-bit systems -- Large microcontrollers -- Advanced topics in programming embedded systems (M68HC12) -- MCORE, a RISC machine.</subfield>
  </datafield>
  <datafield tag="520" ind1=" " ind2=" ">
   <subfield code="a">Ted Van Sickle spent over fifteen years at Motorola as a microcontroller specialist. He now consults and teaches classes on software design and programming for microcontroller systems. He holds a MSEE from the University of Michigan.</subfield>
  </datafield>
  <datafield tag="650" ind1=" " ind2="4">
   <subfield code="a">Programmable controllers.</subfield>
  </datafield>
  <datafield tag="650" ind1=" " ind2="4">
   <subfield code="a">C (Computer program language)</subfield>
   <subfield code="x">Study and teaching.</subfield>
  </datafield>
  <datafield tag="655" ind1=" " ind2="4">
   <subfield code="a">Electronic books.</subfield>
  </datafield>
  <datafield tag="830" ind1=" " ind2="0">
   <subfield code="a">Embedded technology series.</subfield>
  </datafield>
  <datafield tag="852" ind1=" " ind2=" ">
   <subfield code="a">INST</subfield>
   <subfield code="b">UNIPILB</subfield>
   <subfield code="c">EBOOKS</subfield>
   <subfield code="e">20140820</subfield>
   <subfield code="p">00b48175</subfield>
   <subfield code="q">00b48175</subfield>
   <subfield code="t">ONLINE</subfield>
   <subfield code="y">0</subfield>
  </datafield>
  <datafield tag="856" ind1="4" ind2="0">
   <subfield code="3">ScienceDirect</subfield>
   <subfield code="u">http://www.sciencedirect.com/science/book/9781878707574</subfield>
  </datafield>
  <datafield tag="856" ind1="4" ind2=" ">
   <subfield code="d">/webopac/covers/03/48175_9780080497877.jpg</subfield>
   <subfield code="z">(electronic bk.)</subfield>
  </datafield>
  <datafield tag="856" ind1="4" ind2=" ">
   <subfield code="d">/webopac/covers/03/48175_008049787X.jpg</subfield>
   <subfield code="z">(electronic bk.)</subfield>
  </datafield>
  <datafield tag="856" ind1="4" ind2=" ">
   <subfield code="d">/webopac/covers/03/48175_1878707574.jpg</subfield>
  </datafield>
  <datafield tag="856" ind1="4" ind2=" ">
   <subfield code="d">/webopac/covers/03/48175_9781878707574.jpg</subfield>
  </datafield>
 </record>
</collection>
